唐朝宰相姓氏 - Statistics

General Stats
  • This quiz has been taken 148 times
  • The average score is 25 of 98
Answer Stats
Answer Hint % Correct
38
97%
13
90%
17
87%
11
76%
13
75%
4
74%
11
72%
6
68%
9
67%
3
67%
2
64%
2
60%
4
56%
5
55%
8
52%
4
52%
23
51%
3
51%
1
51%
长孙 1
47%
17
44%
3
40%
2
39%
2
36%
1
36%
1
36%
2
35%
3
34%
1
34%
2
33%
5
32%
1
32%
14
31%
1
31%
6
30%
4
29%
10
28%
3
28%
2
28%
2
27%
1
27%
1
26%
上官 1
24%
1
23%
1
23%
1
21%
1
21%
宇文 3
19%
3
19%
3
19%
2
19%
1
19%
欧阳 1
19%
1
18%
3
17%
1
13%
1
11%
3
10%
6
9%
2
9%
2
9%
2
8%
1
8%
1
8%
1
8%
1
8%
1
8%
独孤 1
8%
令狐 2
6%
1
6%
1
6%
1
6%
1
6%
1
6%
1
5%
2
4%
第五 1
4%
2
3%
1
3%
1
3%
1
3%
豆卢 1
3%
1
3%
1
3%
皇甫 1
3%
夏侯 1
3%
2
2%
1
2%
1
2%
1
2%
1
1%
1
1%
1
0%
1
0%
1
0%
1
0%
1
0%
1
0%
No matching quizzes found
Score Distribution
Percent of People with Each Score
Percentile by Number Answered
Your Score History
You have not taken this quiz